[Event "Take it easy"]
[Site "SchemingMind.com"]
[Date "2008.08.19"]
[Round "-"]
[White "janez"]
[Black "echecs"]
[Result "0-1"]
[WhiteCountry "SLO"]
[BlackCountry "ENG"]
[WhiteElo "1636"]
[WhiteRD "74"]
[BlackElo "1834"]
[BlackRD "57"]
[GameID "167358"]

1. e4 Nf6 2. e5 Nd5 3. c4 Nb6 4. c5 Nd5 5. d4 d6 6. Bc4 dxe5 7. dxe5 e6 8. Nc3 Bxc5 9. Nxd5 exd5 10. Bxd5 Bb4+
11. Bd2 Qxd5 12. Bxb4 Qe4+ 13. Ne2 Qxb4+ 14. Qd2 Qxd2+ 15. Kxd2 Nc6 16. f4 O-O 17. Ke3 Be6 18. a3 Bg4 19. Nc3 a6 20. h3 Be6
21. Rad1 Na5 22. Ke4 f5+ 23. Kf3 Nc4 24. h4 Nxb2 25. Rb1 Nc4 26. Rxb7 Nxa3 27. Rxc7 Nb5 28. Nxb5 axb5 29. Rb1 Ra3+ 30. Kf2 Bc4
31. Re1 Ra6 32. Re7 Re6 33. Rxe6 Bxe6 34. Rb1 Rb8 35. Ke3 Bc4 36. Kd4 Rd8+ 37. Kc5 Kf7 38. h5 h6 39. Ra1 Rd2 40. g3 Rd3
41. Rg1 Rd5+ 42. Kb4 Ke6 43. g4 Rd7 44. g5 hxg5 45. Rxg5 Bd3 46. Rg6+ Kf7 47. Rg5 Ke6 48. Rg6+ Kd5 49. Kc3 Be2 50. h6 gxh6
51. Rxh6 Ke4 52. Rh4 Bc4 53. Kb4 Rg7 54. Kc5 Rg4 55. Rh8 Kxf4 56. Re8 Rg6 57. e6 Rxe6 58. Rxe6 Bxe6 59. Kxb5 Ke4
0-1

[Event "Take it easy"]
[Site "SchemingMind.com"]
[Date "2008.08.19"]
[Round "-"]
[White "janez"]
[Black "jake"]
[Result "1-0"]
[WhiteCountry "SLO"]
[BlackCountry "USA"]
[WhiteElo "1711"]
[WhiteRD "74"]
[BlackElo "997"]
[BlackRD "72"]
[GameID "167359"]

1. e4 d6 2. Bc4 Nc6 3. Nc3 Nf6 4. Nf3 e5 5. O-O Bg4 6. h3 Be6 7. Bxe6 fxe6 8. d3 d5 9. Bg5 Nd4 10. Nxe5 Bd6
11. Ng4 h6 12. Nxf6+ gxf6 13. Be3 dxe4 14. Bxd4 e5 15. Be3 exd3 16. Qxd3 Bb4 17. Qxd8+ Kxd8 18. Nd5 Bd6 19. Nxf6 Rf8 20. Ne4 Rf5
21. Nxd6 cxd6 22. Rad1 Kd7 23. Bxh6 Rh8 24. g4 Rxh6 25. gxf5 Rxh3 26. Kg2 Rh5 27. f4 exf4 28. Rxf4 Rh8 29. Rh1 Re8 30. f6 Re2+
31. Kf3 Rxc2 32. f7 Rxb2 33. f8=Q Rxa2 34. Qf7+ Kd8 35. Rh8#
1-0

[Event "Take it easy"]
[Site "SchemingMind.com"]
[Date "2008.08.19"]
[Round "-"]
[White "janez"]
[Black "tacticrules"]
[Result "1/2-1/2"]
[WhiteCountry "SLO"]
[BlackCountry "GER"]
[WhiteElo "1742"]
[WhiteRD "75"]
[BlackElo "1606"]
[BlackRD "66"]
[GameID "167360"]

1. e4 c5 2. Nf3 d6 3. Bc4 e6 4. O-O Nf6 5. Re1 Nc6 6. Nc3 Be7 7. a3 O-O 8. d3 h6 9. Be3 a6 10. h3 Qc7
11. Bf4 b5 12. Ba2 Bb7 13. Bh2 e5 14. Nd5 Nxd5 15. Bxd5 Nd4 16. Bxb7 Nxf3+ 17. Qxf3 Qxb7 18. c3 f5 19. exf5 Qxf3 20. gxf3 Rxf5
21. f4 Bh4 22. Bg3 Bxg3 23. fxg3 exf4 24. g4 Rf6 25. Re7 Rf7 26. Re6 Rd8 27. Rae1 Kf8 28. R1e4 a5= 29. Kf2 Rf6 30. Rxf6+ gxf6
31. Rxf4 Kg7 32. h4 Re8 33. Kf3 Kg6 34. h5+ Kf7 35. b4 axb4 36. axb4 Re5 37. d4 cxd4 38. Rxd4 Ke6 39. Kf4 d5 40. Kf3 Kd6
41. Kf4=
1/2-1/2

[Event "Take it easy"]
[Site "SchemingMind.com"]
[Date "2008.08.19"]
[Round "-"]
[White "janez"]
[Black "Archon"]
[Result "1/2-1/2"]
[WhiteCountry "SLO"]
[BlackCountry "CAN"]
[WhiteElo "1724"]
[WhiteRD "79"]
[BlackElo "1693"]
[BlackRD "57"]
[GameID "167361"]

1. e4 d6 2. Nf3 g6 3. Bc4 Bg7 4. Ng5 e6 5. d4 Nf6 6. O-O O-O 7. Nc3 d5 8. exd5 Nxd5 9. Nxd5 exd5 10. Bb3 c6
11. Re1 Nd7 12. h3 Nf6 13. c3 h6 14. Nf3 Be6 15. a4 Ne4 16. Bc2 Bf5 17. Ne5 Qh4 18. Qf3 Rae8 19. Be3 Ng5 20. Bxg5 Qxg5
21. Bxf5 Bxe5 22. dxe5 Qxf5 23. Qxf5 gxf5 24. f4 Re6 25. Re2 Rfe8 26. Rae1 f6 27. Kf2 fxe5 28. fxe5 Kf7 29. Kf3 h5 30. Kf4 Kg6
31. b4 R8e7 32. g3 Re8 33. a5 a6 34. h4 R8e7 35. Re3 Re8 36. R1e2=
1/2-1/2

[Event "Take it easy"]
[Site "SchemingMind.com"]
[Date "2008.08.19"]
[Round "-"]
[White "janez"]
[Black "sthorwall"]
[Result "0-1"]
[WhiteCountry "SLO"]
[BlackCountry "USA"]
[WhiteElo "1712"]
[WhiteRD "70"]
[BlackElo "1790"]
[BlackRD "127"]
[GameID "167362"]

1. e4 e5 2. Nf3 Bc5 3. Be2 d5 4. exd5 e4 5. Ng1 Qf6 6. f3 Qd4 7. Nh3 Bxh3 8. d3 Bxg2 9. Kd2 e3+ 10. Ke1 Qh4#
0-1

[Event "Take it easy"]
[Site "SchemingMind.com"]
[Date "2008.08.18"]
[Round "-"]
[White "fouche"]
[Black "janez"]
[Result "0-1"]
[WhiteCountry "COL"]
[BlackCountry "SLO"]
[WhiteElo "1610"]
[WhiteRD "73"]
[BlackElo "1742"]
[BlackRD "75"]
[GameID "167363"]

1. d4 d5 2. c4 e6 3. Nc3 Bb4 4. e3 Nf6 5. Nf3 Ne4 6. Bd2 Nxc3 7. Bxc3 Bxc3+ 8. bxc3 O-O 9. cxd5 exd5 10. Bd3 Nd7
11. O-O Nf6 12. Rc1 a6 13. c4 c6 14. Qe2 Re8 15. cxd5 Nxd5 16. a3 Qd6 17. Qd1 Qxa3 18. e4 Nf4 19. Bb1 a5 20. e5 Qe7
21. g3 Nh3+ 22. Kg2 a4 23. Ba2 Bg4 24. Qd3 Red8 25. Rcd1 Ng5 26. Nxg5 Qxg5 27. Rd2 Bf5 28. Qe3 Qe7 29. Re1 Be6 30. Bxe6 Qxe6
31. Rd3 b5 32. f4 b4 33. Ra1 b3 34. Rd2 a3 35. Qc3 Rdb8
0-1

[Event "Take it easy"]
[Site "SchemingMind.com"]
[Date "2008.08.18"]
[Round "-"]
[White "echecs"]
[Black "janez"]
[Result "0-1"]
[WhiteCountry "ENG"]
[BlackCountry "SLO"]
[WhiteElo "1827"]
[WhiteRD "58"]
[BlackElo "1720"]
[BlackRD "77"]
[GameID "167364"]

1. e4 e5 2. Nf3 d6 3. Bc4 h6 4. c3 Nf6 5. Qb3 Qd7 6. d3 Be7 7. Bxf7+ Kd8 8. Be3 Ng4 9. Bg6 Qc6 10. Bd2 d5
11. exd5 Qxg6 12. h3 Nf6 13. O-O Bd6 14. c4 Bxh3 15. g3 b6 16. Re1 Bc5 17. Nxe5 Qxg3+
0-1

[Event "Take it easy"]
[Site "SchemingMind.com"]
[Date "2008.08.18"]
[Round "-"]
[White "jake"]
[Black "janez"]
[Result "0-1"]
[WhiteCountry "USA"]
[BlackCountry "SLO"]
[WhiteElo "997"]
[WhiteRD "72"]
[BlackElo "1711"]
[BlackRD "74"]
[GameID "167365"]

1. e3 e5 2. Nf3 e4 3. Ne5 Qf6 4. d4 d6 5. Nc4 d5 6. Na5 b6 7. Bb5+ c6 8. Bxc6+ Nxc6 9. Nxc6 Qxc6 10. Nc3 Nf6
11. Nxe4 Nxe4 12. Qd3 a5 13. f3 Ba6 14. fxe4 Bxd3 15. cxd3 dxe4 16. dxe4 Qxe4 17. Rf1 Qxg2 18. Rf2 Bb4+ 19. Ke2 Qg4+ 20. Kd3 O-O
21. Rf4 Qg1 22. Kc2 a4 23. a3 Qg6+ 24. Kd1 Bd6 25. Rf3 Rac8 26. Bd2 Qg2 27. Rc1 Qxf3+ 28. Ke1 Rxc1+ 29. Bxc1 Rc8 30. Bd2 Rc2
31. Bc3 Qe2#
0-1

[Event "Take it easy"]
[Site "SchemingMind.com"]
[Date "2008.08.18"]
[Round "-"]
[White "tacticrules"]
[Black "janez"]
[Result "0-1"]
[WhiteCountry "GER"]
[BlackCountry "SLO"]
[WhiteElo "1606"]
[WhiteRD "66"]
[BlackElo "1742"]
[BlackRD "75"]
[GameID "167366"]

1. e4 e5 2. Nf3 d6 3. d4 Nd7 4. Bc4 h6 5. O-O Ngf6 6. dxe5 dxe5 7. Nc3 Bb4 8. Re1 O-O 9. Bd2 c6 10. a3 Bd6
11. b4 b5 12. Bb3 a5 13. bxa5 Rxa5 14. Nd5 Rxa3 15. Nxf6+ Nxf6 16. Rxa3 Bxa3 17. Nxe5 Qc7 18. Nf3 Rd8 19. Qa1 Bf8 20. e5 Nd5
21. Bc3 Nxc3 22. Qxc3 b4 23. Qc4 Be6 24. Qe2 Bxb3 25. cxb3 Re8 26. Qc4 Re6 27. Nd4 Rxe5 28. Rxe5 Qxe5 29. Nxc6 Qa1+ 30. Qf1 Qc3
31. Qc4 Qxc4
0-1

[Event "Take it easy"]
[Site "SchemingMind.com"]
[Date "2008.08.18"]
[Round "-"]
[White "Archon"]
[Black "janez"]
[Result "0-1"]
[WhiteCountry "CAN"]
[BlackCountry "SLO"]
[WhiteElo "1724"]
[WhiteRD "55"]
[BlackElo "1742"]
[BlackRD "75"]
[GameID "167367"]

1. Nf3 b6 2. e4 Bb7 3. Nc3 d6 4. Bb5+ c6 5. Ba4 b5 6. Bb3 b4 7. Ne2 e5 8. Ng3 g6 9. d4 Bg7 10. Be3 Nd7
11. c3 a5 12. O-O exd4 13. cxd4 Ne7 14. Rc1 O-O 15. Qd2 Re8 16. Bh6 Bh8 17. Qf4 d5 18. e5 Qc7 19. Ng5 f6 20. Ne6 Qb8
21. Ne4 Nf5 22. N6c5 Nxc5 23. Nxc5 Bc8 24. Ne4 a4 25. Bc2 fxe5 26. Qg5 dxe4 27. Bxe4 Ra6 28. Rxc6 Rxc6 29. Bd5+ Rce6 30. Qd8 Rxd8
0-1

[Event "Take it easy"]
[Site "SchemingMind.com"]
[Date "2008.08.18"]
[Round "-"]
[White "sthorwall"]
[Black "janez"]
[Result "1-0"]
[WhiteCountry "USA"]
[BlackCountry "SLO"]
[WhiteElo "1763"]
[WhiteRD "56"]
[BlackElo "1677"]
[BlackRD "76"]
[GameID "167368"]

1. c4 e5 2. Nc3 Nf6 3. Nf3 Nc6 4. e4 Bb4 5. d4 Nxe4 6. Qd3 Nxc3 7. bxc3 Ba5 8. Be2 d6 9. O-O O-O 10. Be3 Re8
11. Ng5 g6 12. d5 Bf5 13. Ne4 Nb8 14. Bf3 Nd7 15. Qe2 Bxe4 16. Bxe4 Nf6 17. Bf3 e4 18. Bg4 Bxc3 19. Rac1 Bb4 20. Bh3 a5
21. Qb2 Nd7 22. Bxd7 Qxd7 23. Qf6 Qf5 24. Qb2= b6 25. Bd4 Kf8 26. a3 Bc5 27. Bxc5 dxc5 28. Qh8+ Ke7 29. Qxh7 Rh8 30. Qg7 Kd6
31. Rce1 f6 32. Rxe4 Qxe4 33. Qxf6+ Kd7 34. Qc6+ Ke7 35. d6+ cxd6 36. Qxe4+ Kd7 37. Qb7+
1-0

[Event "Take it easy"]
[Site "SchemingMind.com"]
[Date "2008.08.15"]
[Round "-"]
[White "Francisco Aquino"]
[Black "fouche"]
[Result "1-0"]
[WhiteCountry "BRA"]
[BlackCountry "COL"]
[WhiteElo "1677"]
[WhiteRD "69"]
[BlackElo "1682"]
[BlackRD "70"]
[GameID "167394"]

1. e4 c5 2. Nf3 Nc6 3. Bb5 d6 4. O-O Nf6 5. Nc3 Bd7 6. Re1 a6 7. Bxc6 bxc6 8. d4 cxd4 9. Nxd4 e5 10. Nf5 Bxf5
11. exf5 Be7 12. Bg5 O-O 13. Ne4 Nxe4 14. Bxe7 Qxe7 15. Rxe4 d5 16. Re2 e4 17. f3 Qe5 18. fxe4 Rfe8 19. c3 Rad8 20. Qc2 c5
21. Rae1 d4 22. cxd4 cxd4 23. Qd3 Re7 24. Qxa6 d3 25. Rd2 Red7 26. b3 Qf4 27. Qa5 Rc7 28. Rxd3 Rdc8 29. Qd5 h6 30. Rf1 Rc1
31. Rdd1 Qe3+ 32. Kh1 R1c2 33. a4 R8c3 34. f6 Qe2 35. e5 Rxb3 36. fxg7
1-0

[Event "Take it easy"]
[Site "SchemingMind.com"]
[Date "2008.08.16"]
[Round "-"]
[White "Francisco Aquino"]
[Black "echecs"]
[Result "1/2-1/2"]
[WhiteCountry "BRA"]
[BlackCountry "ENG"]
[WhiteElo "1677"]
[WhiteRD "69"]
[BlackElo "1804"]
[BlackRD "59"]
[GameID "167395"]

1. e4 Nf6 2. Nc3 d5 3. e5 d4 4. exf6 dxc3 5. bxc3 exf6 6. Nf3 Bg4 7. Bc4 Be7 8. Qe2 O-O 9. O-O Nc6 10. h3 Bh5
11. d4 Bd6 12. Be3 Re8 13. Rab1 Rb8 14. Bd5 Na5 15. Rb5 c6 16. Bxc6 Nxc6 17. Rxh5 Ne7 18. Qd3 g6 19. Rb5 a6 20. Rb3 Qa5
21. Rfb1 Qxa2 22. g3 b5 23. R1b2 Qa5 24. Bd2 Qc7 25. Nh4 Nc6 26. Ra2 Ra8 27. c4 bxc4 28. Qxc4 a5 29. d5 Ne5 30. Qxc7 Bxc7
31. Kg2 Red8 32. Rb5 a4 33. Rc5 Bd6 34. Rb5 Nc4 35. Be3 Bf8 36. Nf3=
1/2-1/2

[Event "Take it easy"]
[Site "SchemingMind.com"]
[Date "2008.08.14"]
[Round "-"]
[White "Francisco Aquino"]
[Black "jake"]
[Result "1-0"]
[WhiteCountry "BRA"]
[BlackCountry "USA"]
[WhiteElo "1677"]
[WhiteRD "69"]
[BlackElo "997"]
[BlackRD "72"]
[GameID "167396"]

1. e4 e6 2. d4 f5 3. Nc3 fxe4 4. Nxe4 Qe7 5. Nf3 Qb4+ 6. c3 Qa5 7. Bd3 Nc6 8. O-O d6 9. Neg5 Nf6 10. Re1 Ng4
11. Qe2 Be7 12. Nxe6 Nxh2 13. Nxg7+ Kf8 14. Bh6 Bg4 15. Ne6+ Ke8 16. Kxh2 Qh5+ 17. Kg1 Qxh6 18. Nxc7+ Kf7 19. Nxa8 Rxa8 20. Bc4+ Be6
21. Bxe6+ Ke8 22. Bd5 Nd8 23. Qxe7#
1-0

[Event "Take it easy"]
[Site "SchemingMind.com"]
[Date "2008.08.15"]
[Round "-"]
[White "Francisco Aquino"]
[Black "tacticrules"]
[Result "1-0"]
[WhiteCountry "BRA"]
[BlackCountry "GER"]
[WhiteElo "1677"]
[WhiteRD "69"]
[BlackElo "1563"]
[BlackRD "71"]
[GameID "167397"]

1. e4 c5 2. Nf3 d6 3. Bb5+ Bd7 4. Nc3 Nf6 5. O-O Nc6 6. Re1 e6 7. d4 cxd4 8. Bxc6 Bxc6 9. Nxd4 Rc8 10. Bg5 Be7
11. Qe2 Qb6 12. Nb3 O-O 13. e5 dxe5 14. Qxe5 Rfe8 15. Rad1 h6 16. Bh4 Qb4 17. Bg3 Qg4 18. h3 Qf5 19. Qxf5 exf5 20. Nd4 g6
21. Nxc6 Rxc6 22. a3 Bxa3 23. Rxe8+ Nxe8 24. Rd8 Bxb2 25. Rxe8+ Kh7 26. Nd5 Rxc2 27. Re7 Rc5 28. Rxf7+ Kg8 29. Rxb7 Bd4 30. Ne7+
1-0

[Event "Take it easy"]
[Site "SchemingMind.com"]
[Date "2008.08.15"]
[Round "-"]
[White "Francisco Aquino"]
[Black "Archon"]
[Result "0-1"]
[WhiteCountry "BRA"]
[BlackCountry "CAN"]
[WhiteElo "1677"]
[WhiteRD "69"]
[BlackElo "1740"]
[BlackRD "56"]
[GameID "167398"]

1. e4 d6 2. d4 Nf6 3. Nc3 g6 4. Nf3 Bg7 5. Bc4 Nc6 6. O-O Bg4 7. Re1 Bxf3 8. gxf3 O-O 9. Bg5 h6 10. Bh4 g5
11. Bg3 Nh5 12. d5 Nxg3 13. fxg3 Ne5 14. Bf1 Ng6 15. Qd2 c6 16. Rab1 Qb6+ 17. Kh1 Ne5 18. Bg2 Nc4 19. Qc1 Bxc3 20. bxc3 Qf2
21. Rxb7 Rab8 22. dxc6 Ne5 23. c7 Rxb7
0-1

[Event "Take it easy"]
[Site "SchemingMind.com"]
[Date "2008.08.18"]
[Round "-"]
[White "Francisco Aquino"]
[Black "janez"]
[Result "1-0"]
[WhiteCountry "BRA"]
[BlackCountry "SLO"]
[WhiteElo "1764"]
[WhiteRD "73"]
[BlackElo "1724"]
[BlackRD "79"]
[GameID "167399"]

1. e4 e5 2. Nf3 Nc6 3. Bb5 Nd4 4. Nxd4 exd4 5. O-O a6 6. Bc4 b5 7. Be2 c5 8. c3 Bb7 9. e5 Qg5 10. Bf3 Rb8
11. d3 Qg6 12. Bxb7 Rxb7 13. cxd4 cxd4 14. Qf3 Rb6 15. Qa8+ Ke7 16. b3 Nh6 17. Qa7 Qc6 18. Bg5+ Ke6 19. Rc1 Qb7 20. Qxb7 Rxb7
21. Bxh6 gxh6 22. f4 h5 23. Nd2 h4 24. Ne4= Rb6 25. Ng5+ Ke7 26. Nf3= Bh6 27. g3 hxg3 28. hxg3 Rg8 29. Kf2 d6 30. Rc7+ Ke6
31. Nxd4+ Kd5 32. Nf5 Bf8 33. exd6 Bxd6 34. Nxd6 Rxd6 35. Rxf7 h6 36. Re1 Rc8 37. Rg7 Rc2+ 38. Re2 Rc3 39. f5 Rxd3 40. Rg6 Rd8
41. Rxh6 a5 42. Rg6 Rf8 43. g4 Rd4 44. Kf3 Kc5 45. a3 Rd3+ 46. Re3 Rd1 47. Re5+ Rd5 48. Rxd5+ Kxd5 49. Rb6 Kc5 50. Ra6
1-0

[Event "Take it easy"]
[Site "SchemingMind.com"]
[Date "2008.08.14"]
[Round "-"]
[White "Francisco Aquino"]
[Black "sthorwall"]
[Result "1/2-1/2"]
[WhiteCountry "BRA"]
[BlackCountry "USA"]
[WhiteElo "1677"]
[WhiteRD "69"]
[BlackElo "1700"]
[BlackRD "75"]
[GameID "167400"]

1. e4 c5 2. Nf3 Nc6 3. d4 cxd4 4. Nxd4 g6 5. Bc4 Qa5+ 6. Bd2 Qc5 7. Nxc6 Qxc4 8. Nb4 Qxe4+ 9. Qe2 Qxg2 10. Rf1 Qxh2
11. Bc3 f6 12. Nd2 e6 13. Nd5 Kf7 14. Ne3 d5 15. O-O-O Qc7 16. Ng4 e5 17. Nb3 d4 18. Bd2 d3 19. Nxe5+ fxe5 20. Qf3+ Bf5
21. c3 Nf6 22. Bg5 h6 23. Bxf6 Kxf6 24. Nd2 Rd8 25. Qg3 Bb4 26. Qh4+ g5 27. Qxb4 e4 28. Nxe4+ Bxe4 29. Qxe4 Rhe8 30. Qf3+ Qf4+
31. Qxf4+ gxf4 32. Rh1 Re2 33. Rxh6+ Kg5 34. Rh2 Kg4 35. Rd2 Re1+ 36. Rd1 Rxd1+ 37. Kxd1 d2 38. b3 Kf3 39. c4=
1/2-1/2

[Event "Take it easy"]
[Site "SchemingMind.com"]
[Date "2008.08.15"]
[Round "-"]
[White "fouche"]
[Black "Francisco Aquino"]
[Result "1/2-1/2"]
[WhiteCountry "COL"]
[BlackCountry "BRA"]
[WhiteElo "1682"]
[WhiteRD "70"]
[BlackElo "1677"]
[BlackRD "69"]
[GameID "167401"]

1. d4 Nf6 2. c4 g6 3. Nc3 Bg7 4. Nf3 O-O 5. e3 Nc6 6. Bd3 Re8 7. O-O d6 8. e4 Bg4 9. Be3 e5 10. d5 Nd4
11. Bxd4 exd4 12. Ne2 Bxf3 13. gxf3 Nh5 14. Kh1 Qh4 15. Ng3 Be5 16. Rg1 Nxg3+ 17. fxg3 Qh3 18. Bf1 Qd7 19. Qd3 c5 20. f4 Bg7
21. Bg2 f6 22. Rae1 Re7 23. Re2 Rae8 24. Rge1 Qg4 25. h3 Qd7 26. Kh2 a6 27. a3 b5 28. b4 bxc4=
1/2-1/2

[Event "Take it easy"]
[Site "SchemingMind.com"]
[Date "2008.08.16"]
[Round "-"]
[White "echecs"]
[Black "Francisco Aquino"]
[Result "1-0"]
[WhiteCountry "ENG"]
[BlackCountry "BRA"]
[WhiteElo "1804"]
[WhiteRD "59"]
[BlackElo "1677"]
[BlackRD "69"]
[GameID "167402"]

1. b4 e5 2. Bb2 Bxb4 3. Bxe5 Nf6 4. e3 O-O 5. c4 d6 6. Bb2 Bg4 7. Be2 Qd7 8. Bxf6 Bxe2 9. Nxe2 gxf6 10. Nbc3 Nc6
11. a3 Ba5 12. Nd5 Qe6 13. Nef4 Qe4 14. Nxf6+ Kg7 15. Nxe4 Rae8 16. Qg4+ Kh8 17. Nf6 Ne5 18. Qh3 Bxd2+ 19. Ke2
1-0

[Event "Take it easy"]
[Site "SchemingMind.com"]
[Date "2008.08.15"]
[Round "-"]
[White "jake"]
[Black "Francisco Aquino"]
[Result "0-1"]
[WhiteCountry "USA"]
[BlackCountry "BRA"]
[WhiteElo "990"]
[WhiteRD "73"]
[BlackElo "1693"]
[BlackRD "72"]
[GameID "167403"]

1. e4 e5 2. Bc4 Nf6 3. Nc3 Nc6 4. Qf3 Nd4 5. Qe3 Nxc2+ 6. Kd1 Nxe3+ 7. Ke2 Nxc4 8. Nf3 d5 9. exd5 Nxd5 10. Nxd5 Qxd5
11. d3 e4 12. dxe4 Qxe4+ 13. Kd1 Qd3+ 14. Ke1 Bb4+ 15. Bd2 Bxd2+ 16. Kd1 Nxb2#
0-1

[Event "Take it easy"]
[Site "SchemingMind.com"]
[Date "2008.08.15"]
[Round "-"]
[White "tacticrules"]
[Black "Francisco Aquino"]
[Result "1-0"]
[WhiteCountry "GER"]
[BlackCountry "BRA"]
[WhiteElo "1563"]
[WhiteRD "71"]
[BlackElo "1677"]
[BlackRD "69"]
[GameID "167404"]

1. e4 e5 2. Nf3 Nc6 3. d4 exd4 4. Nxd4 Nf6 5. Nxc6 bxc6 6. e5 Nd5 7. c4 Nb6 8. Bd3 Bb4+ 9. Bd2 Bc5 10. O-O d5
11. exd6 cxd6 12. Bc3 O-O 13. b4 Bxf2+ 14. Rxf2 Ba6 15. Qg4 g6 16. Bf6 Qd7 17. Qg5 Rfe8 18. Nd2 Re6 19. Bf5 Rxf6 20. Bxd7 Rxf2
21. Kxf2 Nxd7 22. Re1 Ne5 23. Qf6 Nd3+ 24. Kf1 Nxe1 25. Kxe1 Re8+ 26. Kd1 Re6 27. Qd8+ Kg7 28. Qc7 d5 29. Qxa7 Bxc4 30. Nxc4 dxc4
31. Qc5 c3 32. Qxc3+ Kh6 33. a4 Rd6+ 34. Kc2 f5 35. Qc4
1-0

[Event "Take it easy"]
[Site "SchemingMind.com"]
[Date "2008.08.15"]
[Round "-"]
[White "Archon"]
[Black "Francisco Aquino"]
[Result "1/2-1/2"]
[WhiteCountry "CAN"]
[BlackCountry "BRA"]
[WhiteElo "1740"]
[WhiteRD "56"]
[BlackElo "1677"]
[BlackRD "69"]
[GameID "167405"]

1. Nf3 Nf6 2. c4 Nc6 3. g3 e5 4. Nc3 Bb4 5. Bg2 O-O 6. O-O Re8 7. d3 Bxc3 8. bxc3 d6 9. Bg5 Bg4 10. Nd2 h6
11. Bxf6 Qxf6 12. Rb1 Rab8 13. Ne4 Qd8 14. Qc2 Bf5 15. Nd2 Qg5 16. Nf3 Qe7 17. Nd2 Nd8 18. Qa4 a6 19. Rb2 Bd7 20. Qc2 b6
21. Rfb1 Ne6 22. a4 a5 23. Ne4 f5 24. Nd2 Nc5 25. Bd5+ Kh8 26. Ra2 f4 27. Ne4 fxg3 28. hxg3 Nxe4 29. Bxe4 Rf8 30. Kg2 Qf6
31. e3 Bg4 32. Rh1 Bf3+ 33. Bxf3 Qxf3+ 34. Kg1 Rf7 35. Qe2 Rbf8 36. Qxf3 Rxf3 37. Rh2 R8f7=
1/2-1/2

[Event "Take it easy"]
[Site "SchemingMind.com"]
[Date "2008.08.18"]
[Round "-"]
[White "janez"]
[Black "Francisco Aquino"]
[Result "1/2-1/2"]
[WhiteCountry "SLO"]
[BlackCountry "BRA"]
[WhiteElo "1742"]
[WhiteRD "75"]
[BlackElo "1681"]
[BlackRD "80"]
[GameID "167406"]

1. e4 e5 2. Nf3 Nc6 3. Bb5 Nf6 4. Bxc6 dxc6 5. d3 Bg4 6. h3 Bxf3 7. Qxf3 Bb4+ 8. c3 Bc5 9. b4 Be7 10. O-O Qd7
11. Rd1 O-O-O 12. Qe3 Rhe8 13. Qxa7 Qe6 14. Qa8+ Kd7 15. Qxb7 Rb8 16. Qa7 Ra8 17. Qe3 h6 18. a3 Qb3 19. Re1 Nh5 20. Qf3 Nf6
21. Qf5+ Qe6= 22. Qxe6+ Kxe6 23. a4 Red8 24. Rd1 Nxe4 25. d4 exd4 26. Rxd4 Rxd4= 27. cxd4 Bxb4 28. f3 Ng3 29. Kf2 Nf5 30. Bf4 Nxd4
31. Bxc7 Ra7 32. Bb6 Rd7 33. Ra2 c5 34. Nd2 Bxd2 35. Rxd2 Nb3 36. Rxd7 Kxd7 37. Ke2 Kc6 38. Bd8 c4 39. Kd1=
1/2-1/2

[Event "Take it easy"]
[Site "SchemingMind.com"]
[Date "2008.08.15"]
[Round "-"]
[White "sthorwall"]
[Black "Francisco Aquino"]
[Result "1-0"]
[WhiteCountry "USA"]
[BlackCountry "BRA"]
[WhiteElo "1700"]
[WhiteRD "75"]
[BlackElo "1677"]
[BlackRD "69"]
[GameID "167407"]

1. d4 Nf6 2. Nf3 d5 3. Bf4 Bg4 4. Nbd2 e6 5. Ne5 Bh5 6. f3 Be7 7. g4 Bg6 8. c3 Nbd7 9. Nxg6 hxg6 10. e4 dxe4
11. fxe4 Nb6 12. Qf3 Nfd7 13. O-O-O Bg5 14. Be2 Bxf4 15. Qxf4 f6 16. Nc4 g5 17. Qg3 Nxc4 18. Bxc4 Ke7 19. e5 Nb6 20. Bb3 Nd5
21. Rhe1 Nf4 22. exf6+ gxf6 23. Bxe6 Kf8 24. Kb1 Rh3 25. Qg1 Qd6 26. Bf5 Re8 27. Rxe8+ Kxe8 28. Qe1+ Kf7 29. Qe4 c6 30. Re1 Rxh2
31. Qe8+ Kg7 32. Re7+
1-0